Movies Quiz

Random Movies or Actor Quiz
Score 0/23 Timer 06:00
0 Plays Today
Movies % Correct
A Knight's Tale, 10 Things I hate About youHeath Ledger
82.8%
Mr and Mrs Smith, Oceans 11Brad Pitt
75.9%
Red, Die HardBruce Willis
72.4%
Taken, The GreyLiam Neeson
69%
James Bond, Red OctoberSean Connery
65.5%
Anchorman, The Other GuysWill Ferrel
63.8%
Batman, Prestige, EquilebriumChristian Bale
62.1%
Cold Mountain, Sherlock HolmesJude Law
60.3%
Iron Man, Due Date, HangoverRobert Downey JR
60.3%
Thor, Avengers, RushChris Hemsworth
58.6%
Harry Potter, Robin Hood, Die HardAlan Rickman
56.9%
Harry Potter, The Bling RingEmma Watson
55.2%
Movies % Correct
88 Minutes, Righteous KillAl Pacino
43.1%
Cherry Bomb, Harry PotterRupert Grint
31%
Maid in Manhatten, Schindler's ListRalph Feinnes
17.2%
Wallander, Cranford, ThorTom Hiddleston
15.5%
Johnny English, Mr BeanRowen Atkinson
15.5%
Lockout, Iron Man 3Guy Pierce
15.5%
HitmanTimothy Olyphant
10.3%
Dead Man Down, RecruitColin Farell
5.2%
Layer Cake, DefianceDaniel Graig
5.2%
A Beautiful Mind, The Young VictoriaPaul Betteny
3.4%
Ted, The Other GuysMark Walburg
3.4%
Remove Ads.
Support Sporcle.
Get the best of Sporcle when you Go Orange. This ad-free experience offers more features, more stats, and more fun while also helping to support Sporcle. Thank you for becoming a member.

You're not logged in!

Compare scores with friends on all Sporcle quizzes.
OR
Log In

Show Comments

Extras

Created Oct 17, 2013ReportNominate
Tags:Actor Quiz, Guy

Top Quizzes Today


Score Distribution

Your Account Isn't Verified!

In order to create a playlist on Sporcle, you need to verify the email address you used during registration. Go to your Sporcle Settings to finish the process.

Report this User

Report this user for behavior that violates our Community Guidelines.

Details: